[Event "Challenge"]
[Site "http://www.queenalice.com/game.php?id=1577395"]
[Date "2019.7.15"]
[Round "-"]
[White "jenyasm"]
[Black "fornery"]
[Result "0-1"]
[WhiteElo "1766"]
[BlackElo "1775"]

1. e4 Nf6 2. Nc3 e5 3. Nf3 Bc5 4. h3 b6 5. d4 Bb4 6. d5 Nxe4 7. Qd3 Nc5 8. Qd2
Bb7 9. Nxe5 Qf6 10. Ng4 Qf5 11. g3 Bxd5 12. Ne3 Bxc3 13. Qxc3 Ne4 14. Qd3 Qxf2+
15. Kd1 Qf3+ 16. Qe2 Qxh1 17. Qg2 Nc3+ 18. bxc3 Bxg2 0-1

[Event "Challenge"]
[Site "http://www.queenalice.com/game.php?id=1581614"]
[Date "2019.8.27"]
[Round "-"]
[White "fornery"]
[Black "swabeyd"]
[Result "0-1"]
[WhiteElo "1794"]
[BlackElo "1959"]

1. e4 e5 2. Bc4 Nf6 3. d3 c6 4. Bg5 Be7 5. Nh3 d5 6. exd5 cxd5 7. Bb5+ Nc6 8.
Nc3 Bg4 9. f3 Bxh3 10. gxh3 O-O 11. Bxf6 Bxf6 12. Ne2 Qa5+ 13. Nc3 Bh4+ 14. Kf1
Qb6 15. d4 exd4 16. Bxc6 dxc3 17. Bxd5 Qf2# 0-1

[Event "Challenge"]
[Site "http://www.queenalice.com/game.php?id=1581615"]
[Date "2019.8.27"]
[Round "-"]
[White "swabeyd"]
[Black "fornery"]
[Result "1-0"]
[WhiteElo "2009"]
[BlackElo "1764"]

1. d4 Nc6 2. Nf3 d5 3. c4 e6 4. g3 Bb4+ 5. Bd2 dxc4 6. Bxb4 Nxb4 7. Qa4+ Nc6 8.
Bg2 Nh6 9. Qxc4 b6 10. Qxc6+ Bd7 11. Qc4 Qf6 12. Ne5 Rd8 13. Bc6 Qe7 14. Nxd7
Rxd7 15. Qa4 Ng4 16. O-O Nf6 17. Nd2 a5 18. Rac1 O-O 19. Bxd7 Qxd7 20. Qxd7 Nxd7
21. Rxc7 Rd8 22. Rfc1 Nf8 23. Rc8 Rxd4 24. Nf3 Rd7 25. Rb8 f6 26. Rcc8 Rf7 27.
Nd4 1-0

[Event "Challenge"]
[Site "http://www.queenalice.com/game.php?id=1581786"]
[Date "2019.8.29"]
[Round "-"]
[White "fornery"]
[Black "Olipika"]
[Result "0-1"]
[WhiteElo "1709"]
[BlackElo "1923"]

1. e4 e6 2. Nf3 d5 3. exd5 Qxd5 4. d4 Bb4+ 5. c3 Be7 6. Bf4 Nf6 7. Bxc7 Nc6 8.
g3 O-O 9. Qd3 b6 10. Bg2 Bb7 11. b4 Qe4+ 12. Qxe4 Nxe4 13. Ne5 Nxe5 14. Bxe5 f6
15. Bf4 Bd5 16. O-O Rac8 17. Re1 Nxc3 18. Bxd5 Nxd5 19. b5 Bb4 20. Rxe6 Rc1+ 21.
Bxc1 Rc8 22. Ba3 Kf7 23. Rc6 Re8 24. Bxb4 Nxb4 25. Rc7+ Kg6 26. Rxa7 Re1+ 27.
Kg2 Nc2 0-1

[Event "Challenge"]
[Site "http://www.queenalice.com/game.php?id=1581787"]
[Date "2019.8.29"]
[Round "-"]
[White "Olipika"]
[Black "fornery"]
[Result "1-0"]
[WhiteElo "1930"]
[BlackElo "1702"]

1. d4 Nc6 2. c4 e6 3. Nc3 Bb4 4. Nf3 b6 5. e4 e5 6. Nxe5 Nxe5 7. dxe5 Qh4 8. Bd3
d6 9. O-O Bxc3 10. bxc3 dxe5 11. f4 Nf6 12. fxe5 Bg4 13. Rf4 Qh5 14. Qf1 O-O-O
15. exf6 g6 16. h3 Be6 17. Be2 Qe5 18. Bg4 Qxc3 19. Bxe6+ fxe6 20. Be3 Qxe3+ 21.
Kh1 e5 22. Rf3 Qxe4 23. f7 Rhf8 24. Re1 Qc2 25. Re2 Qxc4 26. Rxe5 1-0

[Event "Challenge"]
[Site "http://www.queenalice.com/game.php?id=1584827"]
[Date "2019.9.26"]
[Round "-"]
[White "fornery"]
[Black "zmanomega"]
[Result "0-1"]
[WhiteElo "1728"]
[BlackElo "1662"]

1. e4 Nf6 2. Nc3 c6 3. g4 d5 4. exd5 cxd5 5. g5 Nfd7 6. Nxd5 e6 7. Nf4 Qxg5 8.
Bb5 Qxf4 9. b3 Qe5+ 10. Qe2 Qxa1 0-1

[Event "Challenge"]
[Site "http://www.queenalice.com/game.php?id=1587391"]
[Date "2019.10.19"]
[Round "-"]
[White "fornery"]
[Black "swabeyd"]
[Result "0-1"]
[WhiteElo "1650"]
[BlackElo "2104"]

1. e4 e5 2. Bc4 Nf6 3. d3 c6 4. Bxf7+ Kxf7 5. Bg5 h6 6. Bxf6 Qxf6 7. Qh5+ g6 8.
Qh3 Bc5 9. Nf3 d6 10. Qg3 Be6 11. Nbd2 Nd7 12. Nh4 g5 13. Nf5 Bxf5 14. exf5 Qxf5
15. O-O-O Bxf2 16. Rhf1 Bxg3 17. Rxf5+ Kg6 18. Rf3 Bxh2 19. g3 Raf8 20. Re3 h5
21. Rh1 Rf2 22. Ne4 Rg2 23. Nxd6 Bxg3 24. Kd1 Bf4 25. Re2 Rxe2 26. Kxe2 Nf6 27.
Nxb7 h4 28. Nc5 g4 29. Rf1 h3 30. Ne6 h2 31. d4 Ne4 32. Nxf4+ exf4 33. Rh1 Ng3+
0-1

[Event "Challenge"]
[Site "http://www.queenalice.com/game.php?id=1587392"]
[Date "2019.10.19"]
[Round "-"]
[White "swabeyd"]
[Black "fornery"]
[Result "1-0"]
[WhiteElo "2057"]
[BlackElo "1695"]

1. d4 e6 2. Nf3 b6 3. e4 Nf6 4. Bd3 d6 5. O-O Bb7 6. Qe2 g6 7. Rd1 Bg7 8. e5
dxe5 9. dxe5 Ng4 10. Bb5+ Nd7 11. Bxd7+ Ke7 12. Bg5+ 1-0

[Event "Challenge"]
[Site "http://www.queenalice.com/game.php?id=1587570"]
[Date "2019.10.22"]
[Round "-"]
[White "fornery"]
[Black "Olipika"]
[Result "0-1"]
[WhiteElo "1669"]
[BlackElo "1820"]

1. e4 e6 2. e5 d5 3. d4 c5 4. Nf3 Nc6 5. Bd3 cxd4 6. Ng5 Bb4+ 7. Bd2 Qxg5 8. g3
Bxd2+ 9. Nxd2 Qxe5+ 10. Qe2 Nf6 11. Qxe5 Nxe5 12. Bb5+ Ke7 13. O-O Bd7 14. Bxd7
Nexd7 15. Rfd1 Rac8 16. Rac1 Rc6 17. Nf3 Rhc8 18. Nxd4 Rb6 19. b3 Ne4 20. a4 Nc3
21. a5 Rb4 22. Rd3 Rxd4 23. Rxd4 Ne2+ 24. Kg2 Nxd4 25. c3 Nxb3 0-1

[Event "Challenge"]
[Site "http://www.queenalice.com/game.php?id=1588687"]
[Date "2019.11.2"]
[Round "-"]
[White "fornery"]
[Black "Patrick_1977"]
[Result "1-0"]
[WhiteElo "1648"]
[BlackElo "1775"]

1. e4 c6 2. Bc4 d5 3. Bb3 e5 4. Qh5 Nf6 5. Qxe5+ Qe7 6. Nf3 dxe4 7. Qxe7+ Bxe7
8. Ng5 O-O 9. Nc3 Bc5 10. Ncxe4 Re8 11. Bxf7+ Kf8 12. Bxe8 Kxe8 13. Nxc5 Nbd7
14. Nce6 h6 15. Nc7+ Kd8 16. Nxa8 1-0

[Event "Challenge"]
[Site "http://www.queenalice.com/game.php?id=1588688"]
[Date "2019.11.2"]
[Round "-"]
[White "Patrick_1977"]
[Black "fornery"]
[Result "1-0"]
[WhiteElo "1775"]
[BlackElo "1659"]

1. e4 Nf6 2. e5 Ne4 3. d4 e6 4. Bd3 Qh4 5. g3 Nxg3 6. fxg3 Qxd4 7. Nf3 Qb6 8.
Nc3 d6 9. exd6 Bxd6 10. Bb5+ Nc6 11. Qd3 Bd7 12. Na4 Nb4 13. Bxd7+ Ke7 14. Nxb6
Nxd3+ 15. cxd3 axb6 16. Bb5 1-0

[Event "Challenge"]
[Site "http://www.queenalice.com/game.php?id=1588691"]
[Date "2019.11.2"]
[Round "-"]
[White "fornery"]
[Black "Igel"]
[Result "0-1"]
[WhiteElo "1628"]
[BlackElo "1800"]

1. e4 c5 2. Bc4 Nf6 3. e5 d5 4. Bb5+ Bd7 5. Bxd7+ Nfxd7 6. e6 fxe6 7. Nf3 Nc6 8.
Nc3 g6 9. Ng5 Nd4 10. O-O h6 11. Nxe6 Nxe6 12. Qg4 Kf7 13. Re1 Nd4 14. Nxd5 Nf6
15. Nxf6 exf6 16. b3 f5 17. Qh3 Nxc2 18. Bb2 Nxe1 19. Bxh8 Nd3 20. Bc3 Bg7 21.
Bxg7 Kxg7 22. a4 Qd4 23. Rf1 Re8 24. Qf3 Qe4 25. Qe3 f4 26. Qh3 Qe2 27. Qd7+ Re7
28. Qd5 Qxf1+ 29. Kxf1 Re1# 0-1

[Event "Challenge"]
[Site "http://www.queenalice.com/game.php?id=1593336"]
[Date "2019.12.17"]
[Round "-"]
[White "fornery"]
[Black "Olipika"]
[Result "1-0"]
[WhiteElo "1628"]
[BlackElo "1698"]

1. e4 c5 2. Qh5 d6 3. Bc4 e6 4. d3 Nf6 5. Qf3 Nbd7 6. Nh3 Be7 7. Qg3 O-O 8. Bh6
g6 9. Bxf8 Qxf8 10. Nc3 Nh5 11. Qg4 Ne5 12. Qe2 a6 13. g4 1-0

[Event "Challenge"]
[Site "http://www.queenalice.com/game.php?id=1593337"]
[Date "2019.12.17"]
[Round "-"]
[White "Olipika"]
[Black "fornery"]
[Result "0-1"]
[WhiteElo "1679"]
[BlackElo "1647"]

1. e4 e5 2. Nf3 Bc5 3. Nxe5 Nh6 4. Qh5 d6 5. Nf3 Ng4 6. d4 Nxf2 7. Kxf2 Bxd4+ 8.
Nxd4 g6 9. Qf3 Nd7 10. Bh6 Qh4+ 11. g3 Qxh6 0-1